[Event "Gibraltar Challengers B 2020"]
[Site "Caleta"]
[Date "2020.01.27"]
[Round "3.9"]
[White "Dolzhikova, Olga"]
[Black "Meszaros, Andras"]
[Result "1-0"]
[WhiteElo "2123"]
[BlackElo "2244"]
[Annotator "TA"]
[PlyCount "43"]
[EventDate "2020.01.20"]
[EventType "swiss"]
[EventCountry "GGB"]
[SourceTitle "playchess.com"]
[Source "ChessBase"]
[SourceQuality "1"]

{[%evp 9,43,3,2,-28,0,0,0,1,-12,-2,0,14,37,-2,146,130,100,122,183,179,187,191,162,163,158,121,194,176,492,504,493,481,741,740,695,673]} 1. e4 d5 2. exd5 Nf6 3. d4 Nxd5 4. c4 Nb6 5. Be3 e5 $1 6. d5 {B01: Scandinavian Defence} c6 {[%cal Rc6d5]} 7. Nc3 Bb4 8. Qb3 {The position is equal.} Bxc3+ 9. Qxc3 O-O 10. d6 f5 $146 ({Predecessor:} 10... Be6 11. Nf3 f6 12. Bd3 N8d7 13. O-O-O Qe8 14. Qc2 f5 15. Ng5 {1-0 (27) Leitao,R (2574)-Dumont,S (2370) Sao Paulo 1999}) 11. Qxe5 {Black must now prevent 0-0-0.} Re8 {[#]} (11... f4 $1 $11 {keeps the balance.} 12. Bxb6 axb6) 12. Qg3 $1 $16 Be6 13. O-O-O Nxc4 (13... Qf6 $16) 14. Bd4 $18 {[%csl Gd4][%cal Rg3g7]} Qd7 15. Nf3 c5 {[#]} 16. Bc3 $1 {Strongly threatening Ng5.} (16. Bxc5 Nxb2 17. Kxb2 Qa4 $16) 16... Nc6 17. Ng5 $36 {[%mdl 2048] White is on the roll.} Nd4 (17... Nb6 $16 {is a better defense.}) 18. Qh4 ({Not} 18. Bxd4 cxd4 19. Nxe6 (19. Rxd4 Rac8 $11) 19... Qxe6 $16) 18... h6 $2 (18... Nxd6 19. Qxh7+ (19. Bxd4 cxd4 20. Qxh7+ Kf8 $11) 19... Kf8) 19. Nxe6 {White is clearly winning.} Qxe6 20. Rxd4 cxd4 (20... Nxd6 $142 21. Rd1 Qg6) 21. Qxd4 {[%csl Gc3][%cal Rd4g7][%mdl 64] Double Attack} Ne5 22. f4 {Accuracy: White = 82%, Black = 36%.} 1-0

[Event "Gibraltar Challengers B 2020"]
[Site "Caleta"]
[Date "2020.01.27"]
[Round "3.10"]
[White "Sousa, Ludy Helsio Paulo"]
[Black "George, Lolomari Erekosima"]
[Result "0-1"]
[WhiteElo "2247"]
[BlackElo "2053"]
[Annotator "TA"]
[PlyCount "82"]
[EventDate "2020.01.20"]
[EventType "swiss"]
[EventCountry "GGB"]
[SourceTitle "playchess.com"]
[Source "ChessBase"]
[SourceQuality "1"]

{[%evp 9,82,16,12,2,27,17,32,-8,37,0,-3,-2,0,0,0,2,2,0,0,0,0,0,0,-50,-31,-109,0,0,50,-60,-54,-74,-30,-37,-39,-52,-47,-330,-63,-353,-364,-542,-546,-569,-485,-568,-558,-794,-1197,-1315,-1233,-29984,-29985,-29992,-29992,-29993,-29992,-29992,-29992,-29992,-29992,-29992,-5006,-29992,-29990,-29991,-886,-29992,-29993,-29994,-5230,-29994,-29995,-29997,-736]} 1. e4 c6 2. d4 d5 3. e5 Bf5 4. Be3 e6 5. Nd2 Nd7 6. Ngf3 {B12: Caro-Kann: Advance Variation} (6. c3 c5 7. dxc5 Bxc5 8. Bxc5 Nxc5 9. Nb3 Qb6 10. Qd4 Rc8 11. Nf3 Ne7 12. Nxc5 Rxc5 13. b4 Rc8 14. Qxb6 axb6 {½-½ (33) Sosa,T (2499)-Howell,D (2685) Caleta 2019}) 6... Bg6 7. Be2 Nh6 8. h4 {White is slightly better.} Bh5 $146 ({Predecessor:} 8... f6 9. h5 Bf7 10. Bf4 Ng4 11. Rh4 fxe5 12. Bg5 Ngf6 13. Nxe5 Nxe5 14. dxe5 {0-1 (52) Czarnota,P (2478)-Erenburg,S (2575) Warsaw 2005}) 9. c3 Nf5 10. Bf4 Be7 11. g3 c5 12. dxc5 Bxc5 13. Nb3 O-O 14. Nxc5 Nxc5 15. O-O Qb6 16. Qc2 (16. Nd4 $5 {[%cal Re2h5]} Bxe2 17. Qxe2 $11) 16... Rfc8 17. Kg2 (17. Rad1 $15) 17... Bxf3+ (17... Bg6 $1 $17 {White must now prevent ...Nxh4+!} 18. Qc1 d4 $1 {[%mdl 512]}) 18. Bxf3 $11 d4 19. c4 (19. Rac1 $14) 19... a5 $15 20. b3 a4 21. Rab1 axb3 22. axb3 Ra3 $1 $36 {[%mdl 2048] Black fights for an advantage.} 23. b4 $2 {[%mdl 8192]} (23. Rfd1 $15) 23... Nd3 $2 (23... Rxf3 $1 $19 24. Kxf3 Qc6+ 25. Kg4 h5+ 26. Kh3 Na4) 24. Bd2 $2 {[%mdl 8192]} ({White should play} 24. Qd2 $15) 24... Nxe5 $19 {[%cal Bd3e5,Be5c4,Bc4d2][%mdl 96] Double Attack, Discovered Attack} 25. Be4 (25. Rb3 $142 d3 26. Qc3 Rxb3 27. Qxe5) 25... Nxc4 26. Bxf5 exf5 27. Rfe1 {Qxc4! is the strong threat.} h6 {Threatens to win with ...Ne3+!} 28. Kh3 d3 {[%mdl 64] Discovered Attack} 29. Qd1 Qxf2 30. Re7 Nxd2 31. Qh5 Rf8 32. Rc1 Nf3 {[%csl Gf3][%cal Rf2h2]} 33. Qxf5 Ng5+ {[%mdl 64] Discovered Attack} 34. Kg4 Qd4+ 35. Qf4 Qxf4+ (35... d2 $142 36. Qxd4 dxc1=Q 37. Rxf7 h5+ $1 {[%mdl 512]} 38. Kf5 Nxf7 39. Qc5 Qf1+ 40. Ke6 Rd8 41. Qf8+ Kxf8 42. g4 Qf6#) 36. gxf4 Ne6 37. f5 Nd4 (37... d2 $142 38. Rg1 {[#]} h5+ $1 {[%mdl 576] Promotion} 39. Kxh5 Rg3 $1 {[%mdl 576] Deflection, Promotion} 40. Rxg3 d1=Q+ 41. Rg4 Kh7 42. b5 Qf3 $1 {[%mdl 512]} 43. Rxe6 Qxf5+ {[%mdl 64] Double Attack} 44. Rg5 g6+ 45. Rexg6 fxg6#) 38. Rxb7 d2 39. Rd1 Rd3 (39... Ne2 $142 40. h5 Re8 41. Rb8 Rxb8 42. b5 Re8 43. f6 Rg3+ 44. Kh4 Re4#) 40. Kf4 Re8 41. Ra7 Ne2+ {Accuracy: White = 23%, Black = 45%.} 0-1

[Event "Gibraltar Challengers B 2020"]
[Site "Caleta"]
[Date "2020.01.27"]
[Round "3.11"]
[White "Cannon, Richard J"]
[Black "Tejaswini, Sagar"]
[Result "0-1"]
[WhiteElo "1990"]
[BlackElo "2180"]
[Annotator "TA"]
[PlyCount "50"]
[EventDate "2020.01.20"]
[EventType "swiss"]
[EventCountry "GGB"]
[SourceTitle "playchess.com"]
[Source "ChessBase"]
[SourceQuality "1"]

{[%evp 13,90,-25,-21,-32,-6,-23,-2,-8,0,-81,-49,-55,-42,-171,-165,-158,-160,-177,-139,-154,-136,-209,-167,-507,-275,-278,-230,-230,-103,-188,-126,-184,-112,-108,-107,-121,-30,-75,-48,-60,-33,-82,-19,-67,-75,-72,-61,-66,-54,-62,-70,-63,-54,-56,-54,-54,-54,-54,-53,-55,-28,-25,-22,-62,0,-23,0,-61,-64,-92,-65,-176,-40,-29990,-29991,-29991,-29992,-29992,-29993]} 1. e4 e5 2. Nc3 Nf6 3. f4 d5 4. fxe5 Nxe4 5. Qf3 f5 6. d3 Nxc3 7. bxc3 d4 8. Qg3 {C29: Vienna Game: 2...Nf6 3 f4} Nc6 9. Be2 $1 {[%cal Re2h5] Threatens to win with Bh5+.} Be6 (9... dxc3 $6 10. Bh5+ Kd7 11. Ne2 $16) 10. c4 {The position is equal.} Bb4+ 11. Bd2 $146 (11. Kd1 $11 {remains equal.}) ({Predecessor:} 11. Kf1 O-O 12. Nf3 Qd7 13. Rb1 Rab8 14. Bf4 Bc5 15. Ng5 Nb4 {0-1 (56) Perez Mitjans,O (2445)-Oms Pallisse,J (2517) Sabadell 2010}) 11... Bxd2+ 12. Kxd2 Qe7 13. Ke1 (13. Rb1 $15) 13... O-O $36 {[%mdl 2048] Black is really pushing.} 14. Nf3 f4 15. Qf2 Rad8 16. Rb1 b6 17. Bd1 (17. Kf1 $17 {was worth a try.}) 17... Bg4 18. Nxd4 $2 (18. Qh4 Qxh4+ 19. Nxh4 Bxd1 20. Rxd1) 18... Qxe5+ (18... Rxd4 $2 19. Bxg4 Nxe5 20. Kf1 $19) 19. Kf1 Nxd4 20. Bxg4 Qe3 (20... Qa5 $19 21. Ra1 Qc3) 21. Bd1 (21. Re1 $17) 21... Rde8 (21... Qe7 $19 {...Qa3 is the strong threat.} 22. Bf3 Qa3) 22. Bg4 (22. Bf3 $17 {keeps fighting.}) 22... Qxf2+ (22... Re5 $19 23. Bf3 Ra5 24. Qxe3 fxe3) 23. Kxf2 $17 Nxc2 24. c5 bxc5 (24... Ne3 $17 25. Bf3 Rd8 26. cxb6 cxb6) 25. Rb7 {[#]} Rb8 {Played: Nc2-b4} 0-1

[Event "Gibraltar Challengers B 2020"]
[Site "Caleta"]
[Date "2020.01.27"]
[Round "3.12"]
[White "De Abreu, Roberto N"]
[Black "Bujakevich, Aleksandr"]
[Result "1-0"]
[WhiteElo "2154"]
[BlackElo "2014"]
[Annotator "TA"]
[PlyCount "65"]
[EventDate "2020.01.20"]
[EventType "swiss"]
[EventCountry "GGB"]
[SourceTitle "playchess.com"]
[Source "ChessBase"]
[SourceQuality "1"]

{[%evp 12,71,27,27,75,79,110,113,120,113,161,100,108,109,102,110,107,89,106,66,68,65,89,77,119,120,157,138,135,123,125,94,91,85,87,93,78,116,110,114,306,297,309,300,314,291,404,391,532,476,538,547,4827,1826,1554,814,4810,2086,1783,1215,4710,1210]} 1. d4 d5 2. c4 e6 3. g3 Nf6 4. Bg2 Nbd7 5. Nf3 c6 6. O-O dxc4 7. a4 Bb4 {E04: Open Catalan: 5 Nf3} (7... a5 8. Qc2 b5 9. axb5 cxb5 10. Ne5 Nd5 11. Nc3 Nxe5 12. dxe5 Nb4 13. Qe4 Rb8 14. Rd1 Qc7 15. Bg5 Bd7 {1-0 (26) Perez Ponsa,F (2586)-Flores,D (2590) Villa Martelli 2016}) 8. Nbd2 c3 9. bxc3 Bxc3 {[#]White is better.} 10. Ba3 $1 {Hoping for Nc4.} a5 $146 {[#]} ({Reject} 10... Bxa1 11. Nc4 $11) ({Predecessor:} 10... b5 11. axb5 cxb5 12. Rc1 Qa5 13. Qb3 Nd5 14. e4 Bxd2 15. Nxd2 N5b6 16. e5 Ba6 17. Ne4 Nc4 18. Rxc4 Nb6 19. Nd6+ Kd7 20. Qf3 bxc4 21. Qc6+ {1-0 (21) Mondy,M (1898)-Gauvrit,J ICCF email 2014}) 11. Qb3 ({White should play} 11. Nc4 $1 $18 {[%cal Rc4d6] Nd6+ is the strong threat.} Bb4 12. Bxb4 axb4 13. Nd6+ Ke7 14. Ne5) 11... Bb4 12. Bxb4 axb4 13. Qxb4 Nd5 14. Qb3 (14. Qb2 {is more complex.} O-O 15. Rfc1 h6 16. e3 Qc7 17. Nc4) 14... O-O 15. e4 Ne7 16. Nc4 c5 17. Rfd1 cxd4 18. Nxd4 e5 19. Nb5 Nc6 20. Nbd6 $36 {[%mdl 2048] White is on the roll.} Qc7 21. Qe3 Nd4 22. Rac1 Rxa4 {With the idea ...Nc5.} 23. Nb2 {[%mdl 64] Discovered Attack} Qxd6 24. Nxa4 b5 25. Nc3 {Threatens to win with Nxb5!} Ba6 $2 (25... Qa3 $16) 26. Ne2 $18 Nxe2+ 27. Qxe2 Qe6 28. Qd2 Nb6 29. Rc7 Nc4 30. Qb4 {White is clearly winning.} g6 31. Bf1 Rc8 32. Rxc8+ Qxc8 33. Qe7 {Played: Bf1xc4} 1-0

[Event "Gibraltar Challengers B 2020"]
[Site "Caleta"]
[Date "2020.01.27"]
[Round "3.14"]
[White "Osuna Vega, Enrique"]
[Black "Patola, Eero"]
[Result "1-0"]
[WhiteElo "2129"]
[BlackElo "1831"]
[Annotator "RC"]
[PlyCount "133"]
[EventDate "2020.01.20"]
[EventType "swiss"]
[EventCountry "GGB"]
[SourceTitle "playchess.com"]
[Source "ChessBase"]
[SourceQuality "1"]
[TimeControl "6600+10"]

1. e4 {[%emt 0:06:39]} d5 {[%emt 0:00:02]} 2. exd5 {[%emt 0:00:05]} Nf6 {[%emt 0:00:09]} 3. d4 {[%emt 0:00:30]} Nxd5 {[%emt 0:00:19]} 4. c4 {[%emt 0:00:24]} Nb6 {[%emt 0:00:18]} 5. Nf3 {[%emt 0:00:24]} Bg4 {[%emt 0:00:34]} 6. c5 {[%emt 0:00:23]} Nd5 {[%emt 0:00:55]} 7. Qb3 {[%emt 0:00:47]} Bc8 {[%emt 0:02:06]} 8. Nc3 {[%emt 0:04:34]} c6 {[%emt 0:01:35]} 9. Bg5 {[%emt 0:04:44]} Nf6 {[%emt 0:06:10]} 10. Bc4 {[%emt 0:02:01]} e6 {[%emt 0:00:49]} 11. O-O {[%emt 0:06:36]} Be7 {[%emt 0:01:24]} 12. Qc2 {[%emt 0:01:09]} h6 {[%emt 0:00:39]} 13. Bh4 {[%emt 0:01:36]} O-O {[%emt 0:00:51]} 14. Rad1 {[%emt 0:01:02]} Nd5 {[%emt 0:01:14]} 15. Bxe7 {[%emt 0:02:50]} Qxe7 {[%emt 0:01:08]} 16. Rfe1 {[%emt 0:06:35]} Qd8 {[%emt 0:02:54]} 17. a3 {[%emt 0:01:57]} Nd7 {[%emt 0:00:39]} 18. Ba2 {[%emt 0:04:28]} N7f6 {[%emt 0:02:42]} 19. Bb1 {[%emt 0:00:15]} Ne7 {[%emt 0:07:53]} 20. Ne4 {[%emt 0:03:51]} Ng6 {[%emt 0:03:25]} 21. Ne5 {[%emt 0:03:54]} Qc7 {[%emt 0:08:05]} 22. Nxf6+ {[%emt 0:03:51]} gxf6 {[%emt 0:00:40]} 23. Nxg6 {[%emt 0:00:25]} fxg6 {[%emt 0:00:18]} 24. Qxg6+ {[%emt 0:00:08]} Qg7 {[%emt 0:00:09]} 25. Qe4 {[%emt 0:03:25]} f5 {[%emt 0:02:22]} 26. Qe5 {[%emt 0:04:16]} Qxe5 {[%emt 0:02:12]} 27. dxe5 {[%emt 0:00:28]} Kf7 {[%emt 0:01:51]} 28. Rd6 {[%emt 0:00:37]} a5 {[%emt 0:01:30]} 29. b3 {[%emt 0:01:17]} Ke7 {[%emt 0:00:35]} 30. Red1 {[%emt 0:00:09]} Rb8 {[%emt 0:01:48]} 31. Bc2 {[%emt 0:01:55]} Re8 {[%emt 0:05:43]} 32. f4 {[%emt 0:00:23]} Rg8 {[%emt 0:01:53]} 33. R1d4 {[%emt 0:00:43]} Ra8 {[%emt 0:01:02]} 34. Kf2 {[%emt 0:01:21]} Ra6 {[%emt 0:00:55]} 35. Bd3 {[%emt 0:01:37]} Ra8 {[%emt 0:00:14]} 36. g3 {[%emt 0:00:18]} Rb8 {[%emt 0:00:30]} 37. Ra4 {[%emt 0:03:23]} Ra8 {[%emt 0:01:17]} 38. Rad4 {[%emt 0:00:22]} Rb8 {[%emt 0:00:27]} 39. Be2 {[%emt 0:00:08]} Ra8 {[%emt 0:03:26]} 40. Kg2 {[%emt 0:00:18]} b6 {[%emt 0:00:52]} 41. cxb6 {[%emt 0:04:21]} c5 {[%emt 0:00:14]} 42. Bf3 {[%emt 0:07:22]} Rb8 {[%emt 0:04:05]} 43. Ra4 {[%emt 0:01:22]} Rd8 {[%emt 0:00:43]} 44. Rxd8 {[%emt 0:02:35]} Kxd8 {[%emt 0:00:06]} 45. Be2 {[%emt 0:08:06]} Rxb6 {[%emt 0:00:55]} 46. Bc4 {[%emt 0:00:11]} Bb7+ {[%emt 0:01:04]} 47. Kh3 {[%emt 0:00:24]} Ba6 {[%emt 0:05:06]} 48. Rxa5 {[%emt 0:00:36]} Bxc4 {[%emt 0:00:42]} 49. bxc4 {[%emt 0:00:02]} Rb3 {[%emt 0:00:37]} 50. Rxc5 {[%emt 0:00:36]} Rxa3 {[%emt 0:00:17]} 51. Kh4 {[%emt 0:00:43]} Ra2 {[%emt 0:00:29]} 52. h3 {[%emt 0:00:08]} Ra3 {[%emt 0:02:13]} 53. Rc6 {[%emt 0:01:23]} Kd7 {[%emt 0:00:25]} 54. Rd6+ {[%emt 0:00:09]} Ke7 {[%emt 0:00:28]} 55. g4 {[%emt 0:02:10]} Rf3 {[%emt 0:00:16]} 56. Rd4 {[%emt 0:00:09]} fxg4 {[%emt 0:01:27]} 57. hxg4 {[%emt 0:00:43]} Kf7 {[%emt 0:00:37]} 58. Rd7+ {[%emt 0:02:21]} Kg6 {[%emt 0:00:40]} 59. Re7 {[%emt 0:00:39]} Rxf4 {[%emt 0:00:32]} 60. Rxe6+ {[%emt 0:00:06]} Kg7 {[%emt 0:00:49]} 61. c5 {[%emt 0:00:20]} Rc4 {[%emt 0:00:41]} 62. c6 {[%emt 0:00:13]} Rc5 {[%emt 0:00:37]} 63. Kg3 {[%emt 0:01:22]} Rc4 {[%emt 0:02:23]} 64. Kf3 {[%emt 0:00:47]} Kh7 {[%emt 0:02:10]} 65. Rd6 {[%emt 0:00:06]} Kg7 {[%emt 0:00:50]} 66. Rd7+ {[%emt 0:01:28]} Kf8 {[%emt 0:00:42]} 67. c7 {[%emt 0:00:06]} 1-0

[Event "Gibraltar Challengers B 2020"]
[Site "Caleta"]
[Date "2020.01.27"]
[Round "3.15"]
[White "Herzwurm, Robert"]
[Black "Godoy Olazabal, Artur"]
[Result "1-0"]
[WhiteElo "1979"]
[BlackElo "2154"]
[Annotator "TA"]
[PlyCount "79"]
[EventDate "2020.01.20"]
[EventType "swiss"]
[EventCountry "GGB"]
[SourceTitle "playchess.com"]
[Source "ChessBase"]
[SourceQuality "1"]

{[%evp 13,79,8,22,18,14,6,71,70,50,55,30,20,45,41,136,141,151,143,129,47,53,47,39,48,104,75,50,29,227,227,200,99,227,227,227,227,237,228,246,245,236,171,241,172,179,168,175,114,119,119,119,119,2009,2009,12845,7747,9793,990,6203,4775,29954,11883,29972,29970,29975,29976,29976,29965]} 1. e4 c5 2. Nc3 Nc6 3. f4 e6 4. Nf3 d5 5. Bb5 Nge7 6. exd5 exd5 7. Qe2 Qd6 8. d4 {B23: Closed Sicilian: Lines without g3} (8. Bxc6+ bxc6 9. O-O f6 10. b3 Kf7 11. Ba3 Nf5 12. d4 Qc7 13. Rae1 Bd7 14. Bxc5 Bxc5 15. dxc5 Rae8 {½-½ (34) Hauge,L (2472)-Alekseev,E (2649) Fagernes 2019}) 8... cxd4 9. Nxd4 Bd7 (9... g6 $11) 10. Be3 $16 {White is better.} g6 $1 11. O-O Bg7 $1 12. Bxc6 bxc6 13. Nb3 $1 {Hoping for Bc5.} d4 $146 (13... Be6 $14) ({Predecessor:} 13... Be6 14. Bc5 Qd7 15. Bd4 Nf5 16. Bxg7 Nxg7 {½-½ (38) Torma,R (2385)-Orso,M (2327) Budapest 2013}) 14. Rad1 {[%cal Re3d4]} c5 15. Ne4 $36 {[%mdl 2112] Double Attack. White is really pushing.} Qb6 16. Bf2 (16. Nexc5 $6 Bb5 $11) (16. Nbxc5 $16 O-O-O 17. Nxd7 (17. Bxd4 Bb5 $17 {[%mdl 64] Skewer}) 17... Rxd7 18. Bf2) 16... Rc8 $14 17. Rfe1 {Nexc5 is the strong threat.} Be6 18. Ng5 {[%cal Rg5e6]} Rc6 (18... O-O $14) 19. Nxe6 fxe6 20. Qc4 O-O $2 {[#]} (20... Kf7 $11) 21. Rxe6 $3 $18 {[%mdl 512]} Rxe6 22. Re1 (22. Nxc5 $18 Kf7 23. Re1 {[%mdl 64] Pin}) 22... Kf7 (22... Qa6 $16 23. Qxe6+ Qxe6 24. Rxe6 Nd5) 23. Nxc5 {[%mdl 64] Pin} Rc8 24. Qxe6+ Qxe6 25. Nxe6 Rxc2 26. Nxg7 (26. Bxd4 Bxd4+ 27. Nxd4 Rd2 $16) 26... d3 {Strongly threatening ...d2.} 27. Rd1 {And now Bd4 would win.} ({But not} 27. Bxa7 $2 d2 $19) 27... Nc6 (27... Kxg7 {was worth a try.} 28. Bd4+ (28. Bxa7 Nc6 $16) 28... Kf7 29. Rxd3 Ke6) 28. Be3 ({Worse is} 28. Rxd3 Rc1+ 29. Be1 Rxe1+ 30. Kf2 Re4 $11) 28... Kxg7 29. Rxd3 Rxb2 {[%mdl 4096] Endgame [#] KRB-KRN} 30. Rd7+ ({White should try} 30. Rc3 $1 $18 {[%cal Rc3c6]} Rb1+ 31. Kf2) 30... Kg8 $16 31. Rc7 Nb4 32. Rxa7 Rxa2 $2 {[%mdl 8192]} (32... Re2 $16) 33. Rxa2 $18 Nxa2 $16 {[#] KB-KN} 34. Bd2 $1 Kf7 35. Kf2 (35. g3 $142 Ke7 36. Kg2) 35... Ke6 36. g4 h5 37. h3 hxg4 38. hxg4 {White mates.} Kd5 39. Ke3 Kd6 40. Ke4 {Accuracy: White = 70%, Black = 29%.} 1-0

[Event "Gibraltar Challengers B 2020"]
[Site "Caleta"]
[Date "2020.01.27"]
[Round "3.16"]
[White "Wang, Cong"]
[Black "Severijnen, Arjon"]
[Result "0-1"]
[WhiteElo "1975"]
[BlackElo "2120"]
[Annotator "TA"]
[PlyCount "98"]
[EventDate "2020.01.20"]
[EventType "swiss"]
[EventCountry "GGB"]
[SourceTitle "playchess.com"]
[Source "ChessBase"]
[SourceQuality "1"]

{[%evp 15,98,0,41,0,0,-1,0,0,52,39,39,33,54,29,46,29,43,12,19,0,0,15,8,13,17,-16,0,-13,-3,-19,50,24,86,3,370,362,325,202,220,219,217,191,181,181,290,286,299,284,275,156,162,41,45,-39,-41,-47,-39,-77,-16,-105,-93,-304,-290,-277,-300,-294,-268,-271,-247,-272,-242,-839,-766,-806,-768,-693,-566,-29979,-29981,-29981,-29982,-29982,-29983,-29979,-29980]} 1. e4 c5 2. c3 Nf6 3. e5 Nd5 4. d4 cxd4 5. Nf3 Nc6 6. cxd4 d6 7. Bc4 Nb6 8. Bb3 d5 9. O-O {B22: Sicilian: 2 c3} (9. Nh4 e6 10. Nf3 Bd7 11. Nc3 Be7 12. O-O O-O 13. Bc2 f6 14. exf6 Bxf6 15. Qd3 g6 16. Bh6 Bg7 17. Bxg7 Kxg7 {1-0 (34) Pavasovic,D (2597)-Hracek,Z (2613) Kallithea 2008}) 9... Bg4 10. Be3 e6 11. h3 {The position is equal.} Bxf3 $146 (11... Bh5 $11) ({Predecessor:} 11... Bh5 12. Nbd2 Be7 13. a3 O-O 14. g4 Bg6 15. Nh2 Na5 16. f4 Nxb3 17. Qxb3 {0-1 (37) Woithe,D (1745)-Lange,J (1841) Willingen 2017}) 12. Qxf3 $14 Be7 13. Qg4 g6 14. Bh6 Qd7 15. Re1 O-O-O 16. Nc3 Kb8 17. Qf4 g5 18. Bxg5 Bxg5 19. Qxg5 Nxd4 {Threatens to win with ...Nf3+!} 20. Qd2 Nf5 21. a4 {[%cal Ba2a4,Ba4a5][%mdl 32]} Rhg8 {Threatening ...Nh4.} 22. Qf4 Rc8 ({Black should play} 22... d4 $11 23. Ne4 Nd5 24. Bxd5 Qxd5) 23. Red1 Ne7 (23... Rgd8 $11) 24. Nb5 (24. Qxf7 $6 Ng6 $11) ({Better is} 24. a5 $1 $16 {[%cal Ra5b6]} Ng6 25. Qg4) 24... Nc6 $2 {[%mdl 8192]} (24... Nf5 $11 {and Black is okay.}) 25. a5 $1 $18 {[%cal Ra5b6]} Na8 26. Nd6 f6 27. Nxc8 fxe5 28. Qf6 {And now Nd6 would win.} Qxc8 {[#]} 29. Ba4 $1 {[%cal Ra4c6] aiming for Bxc6.} Qf8 (29... Qd8 $142 30. Qxd8+ (30. Qxe6 Nc7 $16) 30... Nxd8) 30. Qxf8+ ({Worse is} 30. Qxe6 Nc7 $11) 30... Rxf8 31. Bxc6 bxc6 {[%mdl 4096] Endgame KRR-KRN} 32. f3 (32. Re1 $18) 32... Kc7 $16 33. Kf2 (33. Rd3 $18) 33... Kd6 34. Ke3 (34. Rac1 $14) 34... Rb8 {[%mdl 1024] Black has compensation.} 35. Rd2 Nc7 36. g4 Nb5 (36... c5 $17) 37. Ra4 (37. b4 $11 {keeps the balance.}) 37... Nd4 38. f4 $2 {[#]} (38. Kf2 $17 {was necessary.}) 38... exf4+ $1 $19 39. Kxf4 (39. Kxd4 $2 {leads to mate.} Rb3 40. h4 e5#) 39... e5+ 40. Kg3 Rb3+ 41. Kg2 c5 42. Ra1 e4 43. Ra3 $2 (43. Rb1) 43... Rxa3 44. bxa3 {KR-KN} Ke5 45. Rf2 Nf3 {White must now prevent ...d4.} 46. Rxf3 exf3+ {Black mates.} 47. Kxf3 c4 {[%cal Bc5c4,Bc4c3][%mdl 32]} 48. h4 c3 49. Ke3 d4+ {Accuracy: White = 22%, Black = 55%.} 0-1

[Event "Gibraltar Challengers B 2020"]
[Site "Caleta"]
[Date "2020.01.27"]
[Round "3.17"]
[White "Bengherabi, Khalil"]
[Black "Manukonda, Arun"]
[Result "0-1"]
[WhiteElo "2106"]
[BlackElo "1959"]
[Annotator "TA"]
[PlyCount "140"]
[EventDate "2020.01.20"]
[EventType "swiss"]
[EventCountry "GGB"]
[SourceTitle "playchess.com"]
[Source "ChessBase"]
[SourceQuality "1"]

{[%evp 19,140,9,9,9,9,6,7,2,38,48,43,45,54,18,22,22,79,71,86,82,81,34,39,40,33,33,33,38,34,9,8,3,13,10,12,14,11,0,14,0,46,38,79,32,48,36,35,0,0,0,0,0,0,0,0,0,0,0,0,-7,0,-7,-7,-7,-4,-72,-50,-71,-73,-58,-69,-68,-61,-120,-122,-167,-148,-257,-67,-229,-220,-29962,-29963,-4827,-623,-596,-580,-29982,-29983,-29989,-29990,-29990,-29991,-29993,-29990,-29990,-29990,-29991,-29987,-29989,-29990,-29991,-29992,-29993,-29994,-29994,-29989,-29988,-29975,-29992,-29977,-29983,-29984,-29984,-29985,-29985,-29983,-29988,-29989,-29985,-12127,-29991,-29992]} 1. e4 c5 2. Nf3 d6 3. d4 cxd4 4. Nxd4 Nf6 5. Nc3 a6 6. g3 e5 7. Nb3 Be6 8. Bg2 Be7 9. O-O O-O 10. a4 Nbd7 11. Re1 {B91: Sicilian Najdorf: 6 g3} Rc8 12. Nd2 Bg4 13. Bf3 {[#] The position is equal.} Bh3 $146 ({Predecessor:} 13... Bxf3 14. Nxf3 Re8 15. Be3 Nb6 16. Rb1 Nc4 17. Qd3 d5 18. Nxd5 Nxd5 19. Qxd5 Qxd5 20. exd5 e4 21. Nd2 Nxd2 {½-½ (21) Karjakin,S (2785)-Nepomniachtchi,I (2767) Wijk aan Zee 2017}) 14. Nf1 Bxf1 15. Kxf1 Nc5 16. Nd5 Nxd5 17. Qxd5 Ne6 (17... Qd7 $11 {remains equal.}) 18. c3 $16 Qc7 19. Kg1 Qc6 20. Bg4 Qxd5 21. exd5 f5 22. Bxf5 Rxf5 23. dxe6 Rf6 24. f4 Rxe6 25. fxe5 dxe5 26. Re4 Bc5+ 27. Kg2 Kf7 28. Bg5 Kg6 29. Bf4 Kf5 30. Rae1 {[%cal Re4e5]} Rce8 31. Bc1 (31. g4+ $5 Kf6 32. Bg3 $14) 31... g5 32. g4+ Kg6 33. Rf1 Rf6 34. Rxf6+ Kxf6 $11 {[%mdl 4096] Endgame KRB-KRB} 35. Kf3 h6 36. Be3 Bd6 37. Ke2 Ke6 38. c4 Rc8 39. Kd3 Bb4 40. Ke2 Rd8 41. b3 Rd7 42. c5 (42. Bc1 $11) 42... a5 $17 43. Rc4 Kd5 44. Rc1 Kc6 45. h4 gxh4 46. Bxh6 ({White should try} 46. Rh1 $1 $15) 46... Rd4 47. Kf3 Kd5 48. g5 {[#]} (48. Be3 $17 {keeps fighting.} Rd3 49. Ke2) 48... e4+ $2 ({Not} 48... Bxc5 49. g6 $11) (48... Bd2 $1 $19 {[%cal Rd2c1]} 49. Rh1 Ke6) 49. Ke2 $2 (49. Kg4 $15) 49... Rd2+ $19 ({Weaker is} 49... Bxc5 50. g6 $15) 50. Kf1 $2 (50. Ke3 $19) 50... h3 51. Kg1 Bxc5+ (51... e3 $142 52. g6 Rg2+ {[%mdl 64] Double Attack} 53. Kh1 e2) 52. Kh1 {White hopes to continue with g6.} Be3 {...Bf4! is the strong threat.} 53. Re1 Bf4 54. Rf1 e3 55. Re1 Ke4 56. Bf8 Bxg5 57. Bc5 Bf4 58. Bb6 Rd5 59. Kg1 Kf3 60. Rf1+ Kg3 61. Re1 h2+ 62. Kh1 Kf2 63. Rc1 Ke2 64. Rc2+ Kd1 65. Rc4 e2 66. Bf2 {[#]} Be3 $1 {[%mdl 512]} 67. Bg3 (67. Bxe3 e1=Q+) 67... Bg1 68. Re4 {[#]} Rd3 $1 69. Bh4 Rxb3 (69... Rh3 $142 70. Be7 Be3 71. Rxe3 Rxe3 72. Bh4 Rh3 73. Bf2 e1=Q+ {[%mdl 64] Promotion} 74. Bxe1 Kxe1 75. b4 b6 76. b5 Ke2 77. Kg2 h1=Q#) 70. Kg2 Rb4 {Accuracy: White = 40%, Black = 61%.} 0-1